000 00638aam a2200241 4500
005 20260410175654.0
008 150312b1994 xxu||||| |||| 00| 0 spa d
020 _a9506791244
041 _aESP
082 _a364.4 S714m
100 _aSoriano, Marcelo
_937224
245 _aManual de capacitación en seguridad privada: para vigiladores y particulares
260 _aArgentina
260 _bUniversidad
260 _c1994
300 _a175 páginas
490 _aInvestigación Criminal
650 _aSEGURIDAD PRIVADA
650 _aSEGURIDAD CIUDADANA
650 _aARMAS
650 _aPRIMEROS AUXILIOS
942 _cBK
_2ddc
999 _c6375
_d6375